000 00540pab a2200181 454500
008 180718b2003 xxu||||| |||| 00| 0 eng d
100 _aStewart, Jenny
245 _aChange management - strategy and values in six agencies from the Australian public service
260 _c2003
300 _ap.675-88.
362 _aNov-Dec
650 _aManagement - Australia
650 _aOrganizational change - Australia
650 _aOrganizational change
700 _aKringas, Paul
773 _aPublic Administration Review
909 _a58632
999 _c58632
_d58632